[Event "EIWCC 2017"]
[Site "Riga"]
[Date "2017.04.20"]
[Round "9"]
[White "Savina, Anastasia"]
[Black "Calzetta Ruiz, Monica"]
[Result "0-1"]
[WhiteElo "2378"]
[BlackElo "2257"]
[Annotator "NA"]
[PlyCount "76"]
[EventDate "2017.??.??"]
[EventType "swiss"]
[EventCountry "LAT"]
[SourceTitle "playchess.com"]
[Source "ChessBase"]
[SourceQuality "1"]

1. d4 Nf6 2. c4 c5 3. d5 b5 4. cxb5 a6 5. Nc3 axb5 6. e4 b4 7. Nb5 d6 8. a4 Nbd7 9. Qc2 g6 10. b3 Bg7 11. Bb2 O-O 12. Nf3 Qb6 13. Nd2 Qb8 14. Be2 e6 15. Nc4 exd5 16. exd5 Bb7 17. Ncxd6 Bxd5 18. O-O Ra6 19. Nc4 Re6 20. Ne3 Be4 21. Bd3 Ba8 22. h3 Rfe8 23. Rfd1 Bh6 24. Nc4 Nd5 25. Bf1 N7f6 26. Bxf6 Rxf6 27. Re1 Rfe6 28. Rxe6 Rxe6 29. Rd1 Bf8 30. g3 Nf6 31. Bg2 Bxg2 32. Kxg2 Qb7+ 33. Kg1 Qf3 34. Ne3 Ne4 35. Nc7 Nxg3 36. Kh2 Ne2 37. Nxe6 Qxf2+ 38. Ng2 Qg3+ 0-1

[Event "EIWCC 2017"]
[Site "Riga"]
[Date "2017.04.20"]
[Round "9"]
[White "Kovanova, Baira"]
[Black "Abdulla, Khayala"]
[Result "1-0"]
[WhiteElo "2376"]
[BlackElo "2241"]
[Annotator "NA"]
[PlyCount "125"]
[EventDate "2017.??.??"]
[EventType "swiss"]
[EventCountry "LAT"]
[SourceTitle "playchess.com"]
[Source "ChessBase"]
[SourceQuality "1"]

1. e4 c6 2. d4 d5 3. Nc3 dxe4 4. Nxe4 Nf6 5. Nxf6+ exf6 6. Nf3 Bd6 7. Be2 O-O 8. h3 Re8 9. O-O Nd7 10. Bd3 Nf8 11. c4 Be6 12. Re1 Ng6 13. Bd2 Bc7 14. Bf1 Qd7 15. Bc3 Nf4 16. Qd2 Bf5 17. h4 Be4 18. Ne5 fxe5 19. Rxe4 f5 20. Ree1 Rad8 21. Red1 exd4 22. Qxd4 Qe7 23. Qxa7 Ra8 24. Qd4 Rad8 25. Qa7 Ra8 26. Qd4 Rad8 27. Re1 Rxd4 28. Rxe7 Rxe7 29. Bxd4 Re4 30. Bc3 Ng6 31. g3 Ne5 32. Kg2 Bb6 33. f3 Re3 34. Re1 Rxe1 35. Bxe1 f4 36. Bc3 Nf7 37. g4 Be3 38. h5 g6 39. hxg6 hxg6 40. Bd3 Kh7 41. b4 Ng5 42. a4 Ne6 43. a5 Kh6 44. b5 cxb5 45. cxb5 Nc5 46. Bc4 g5 47. Be1 Bc1 48. Bf2 Ba3 49. a6 bxa6 50. bxa6 Nxa6 51. Bxa6 Kg6 52. Bd4 Be7 53. Bc4 Bd6 54. Kf2 Be7 55. Ke2 Bd6 56. Kd3 Be7 57. Ke4 Bd6 58. Kd5 Ba3 59. Bc5 Bb2 60. Ke6 Bc3 61. Bd3+ Kg7 62. Kf5 Bf6 63. Bf8+ 1-0

[Event "EIWCC 2017"]
[Site "Riga"]
[Date "2017.04.20"]
[Round "9"]
[White "Arakhamia-Grant, Ketevan"]
[Black "Ivanenko, Olga I"]
[Result "1/2-1/2"]
[WhiteElo "2374"]
[BlackElo "2252"]
[Annotator "NA"]
[PlyCount "141"]
[EventDate "2017.??.??"]
[EventType "swiss"]
[EventCountry "LAT"]
[SourceTitle "playchess.com"]
[Source "ChessBase"]
[SourceQuality "1"]

1. e4 c5 2. Nc3 a6 3. f4 e6 4. Nf3 b5 5. Qe2 Nc6 6. d3 d6 7. g3 Bb7 8. Bg2 Qc7 9. O-O Nf6 10. e5 dxe5 11. fxe5 Nd7 12. Ng5 Nd8 13. Nce4 Nxe5 14. Bf4 h6 15. Nf3 Nxf3+ 16. Qxf3 Qd7 17. Qh5 Rc8 18. c3 Bd5 19. a4 bxa4 20. c4 Bxe4 21. Bxe4 Bd6 22. Bd2 O-O 23. g4 Nc6 24. Rxa4 Nd4 25. Rxa6 f5 26. gxf5 exf5 27. Bd5+ Kh7 28. Kh1 Rce8 29. Rf2 Rf6 30. Rg2 Qe7 31. Ra7 Qxa7 32. Qxe8 Bf8 33. Bf4 Qe7 34. Qxe7 Bxe7 35. Be5 g5 36. Bxf6 Bxf6 37. Rg1 Nb3 38. Re1 Kg6 39. Kg2 g4 40. Rf1 Kg5 41. Be6 Nd4 42. Bd7 Be5 43. h4+ Kg6 44. Ra1 Nf3 45. Ra6+ Kg7 46. h5 Nh4+ 47. Kf1 g3 48. Bc6 f4 49. Ke2 Kf6 50. Be4+ Kg5 51. b4 cxb4 52. Ra5 Kf6 53. c5 g2 54. Bxg2 Nxg2 55. c6 b3 56. Rb5 Ke6 57. Rxb3 Nh4 58. Rb5 Bc7 59. d4 Kd6 60. Rc5 f3+ 61. Kf2 Bb6 62. c7 Bxc7 63. Kg3 Bd8 64. Rb5 Kc6 65. Rc5+ Kd6 66. Re5 Bf6 67. Ra5 f2 68. Kxf2 Bxd4+ 69. Kg3 Bf6 70. Kg4 Bg5 71. Ra6+ 1/2-1/2

[Event "EIWCC 2017"]
[Site "Riga"]
[Date "2017.04.20"]
[Round "9"]
[White "Arabidze, Meri"]
[Black "Toma, Katarzyna"]
[Result "1/2-1/2"]
[WhiteElo "2373"]
[BlackElo "2229"]
[Annotator "ChessBase"]
[PlyCount "229"]
[EventDate "2017.??.??"]
[EventType "swiss"]
[EventCountry "LAT"]
[SourceTitle "playchess.com"]
[Source "ChessBase"]
[SourceQuality "1"]

1. d4 d6 2. Nf3 Nf6 3. c4 g6 4. Nc3 Bg7 5. g3 O-O 6. Bg2 Nbd7 7. O-O e5 8. e4 c6 9. h3 exd4 10. Nxd4 Re8 11. Be3 Nc5 12. Qc2 a5 13. Rfe1 a4 14. Rad1 Nfd7 15. Nde2 Qb6 16. Rxd6 Qb4 17. Rdd1 Qxc4 18. f4 Nf8 19. Bd4 Nfe6 20. Bxg7 Nxg7 21. Rd4 Qa6 22. Kh2 h5 23. Red1 Be6 24. Ng1 Bc4 25. f5 b5 26. Nce2 Qb6 27. Nc1 gxf5 28. exf5 Bd5 29. f6 Bxg2 30. Kxg2 Nge6 31. Qf5 Red8 32. Rxd8+ Rxd8 33. Qxh5 Rxd1 34. Qxd1 Qd8 35. Qxd8+ Nxd8 36. Nf3 Ne4 37. Nd4 Nxf6 38. Nd3 Nd7 39. Kf3 Kg7 40. Ke4 f6 41. Kf5 Kf7 42. h4 Nb6 43. g4 Nd5 44. Ke4 Nb6 45. h5 Nc4 46. Kf5 b4 47. g5 Nd6+ 48. Kg4 fxg5 49. Kxg5 Ne4+ 50. Kf5 Nd6+ 51. Kg5 Ne4+ 52. Kf4 Nf6 53. Ne5+ Ke7 54. Kg5 Nxh5 55. Kxh5 Kd6 56. Nd3 Kd5 57. Nc2 c5 58. Kg4 b3 59. axb3 axb3 60. Na3 c4 61. Nf4+ Kc5 62. Kf3 Nc6 63. Ke3 Nb4 64. Kd2 Na2 65. Nb1 Kd4 66. Ne2+ Kc5 67. Nf4 Kd4 68. Nc3 Kc5 69. Ne6+ Kd6 70. Nd4 Kc5 71. Ne6+ Kd6 72. Nf4 Kc5 73. Nb1 Kd4 74. Ne2+ Kc5 75. Ke3 Nb4 76. Nf4 Na2 77. Ne2 Nb4 78. Nc1 Na2 79. Kd2 Kb4 80. Ne2 Kc5 81. Nbc3 Nb4 82. Nd1 Nd3 83. Kc3 Nxb2 84. Nxb2 Kd5 85. Ng3 Ke5 86. Nf1 Ke4 87. Nd2+ Kd5 88. Nb1 Kc5 89. Na3 Kd5 90. Naxc4 Ke4 91. Nb6 Ke5 92. Kd3 Kd6 93. Kd4 Kc6 94. N6c4 Kb5 95. Kd5 Kb4 96. Kc6 Kc3 97. Kc5 Kc2 98. Kd4 Kc1 99. Kc3 Kb1 100. Kd2 Ka1 101. Kc1 Ka2 102. Ne3 Ka3 103. Nd5 Ka2 104. Nb4+ Ka3 105. N4d3 Ka2 106. Kd2 Ka1 107. Kc3 Kb1 108. Nf2 Ka2 109. Nfd1 Kb1 110. Ne3 Ka2 111. Nec4 Kb1 112. Na3+ Ka2 113. Nb5 Kb1 114. Nd3 b2 115. Nxb2 1/2-1/2

[Event "EIWCC 2017"]
[Site "Riga"]
[Date "2017.04.20"]
[Round "9"]
[White "Babiy, Olga"]
[Black "Bodnaruk, Anastasia"]
[Result "0-1"]
[WhiteElo "2359"]
[BlackElo "2446"]
[Annotator "TA"]
[PlyCount "174"]
[EventDate "2017.??.??"]
[EventType "swiss"]
[EventCountry "LAT"]
[SourceTitle "playchess.com"]
[Source "ChessBase"]
[SourceQuality "1"]

1. e4 c5 2. Nf3 d6 3. d4 cxd4 4. Nxd4 Nf6 5. Nc3 a6 6. Be3 e5 7. Nb3 Be7 8. f3 O-O 9. Qd2 Be6 10. O-O-O Nbd7 11. g4 b5 12. g5 Nh5 13. Nd5 Bxd5 14. exd5 f6 15. h4 Ng3 16. Bh3 Nxh1 17. Be6+ Kh8 18. Rxh1 Nb6 19. Na5 Nc4 20. Nxc4 bxc4 21. f4 exf4 22. Bd4 Qe8 23. g6 Qxg6 24. Qxf4 Rab8 25. Rg1 Qh5 26. Bc3 Rb5 27. Qxc4 Rc5 28. Qd4 a5 29. a3 Rb8 30. Rg4 Rb7 31. Qa4 Rb8 32. Qe4 Rb7 33. Bd4 Rc4 34. Kb1 Rbc7 35. c3 a4 36. Qd3 Bf8 37. Rg3 Qh6 38. Bb6 Rxh4 39. Bh3 Re7 40. Bf2 Qh5 41. Rf3 Rhe4 42. Be6 Qh1+ 43. Ka2 R4xe6 44. dxe6 Rxe6 45. Qd5 h6 46. c4 Re5 47. Qd3 Qg2 48. Kb1 Qg4 49. Ka2 Re4 50. b3 Qe6 51. Re3 f5 52. bxa4 Qe5 53. Kb3 Be7 54. a5 Bf6 55. a6 Qb2+ 56. Ka4 Qb6 57. Rxe4 Qxa6+ 58. Kb3 Qb7+ 59. Ka4 Qc6+ 60. Kb3 fxe4 61. Qd5 Qe8 62. Be3 h5 63. Qxd6 h4 64. Qh2 Qd7 65. Qb8+ Kh7 66. Kb4 Qd3 67. Qf4 Qc3+ 68. Kb5 Qb3+ 69. Kc5 Qxa3+ 70. Kc6 Qa6+ 71. Kd5 Qb7+ 72. Kd6 Qb8+ 73. Kd5 Qa8+ 74. Kd6 Qd8+ 75. Kc6 Kh8 76. c5 Qc8+ 77. Kd5 h3 78. Kxe4 Qb7+ 79. Kf5 Qd7+ 80. Ke4 Qc6+ 81. Kf5 Qg2 82. Qb8+ Kh7 83. Bf4 Qg6+ 84. Ke6 Bg5+ 85. Kd5 Qf7+ 86. Kc6 Bxf4 87. Qc8 Qc7+ 0-1

[Event "EIWCC 2017"]
[Site "Riga"]
[Date "2017.04.20"]
[Round "9"]
[White "Lazarne Vajda, Szidonia"]
[Black "Vega Gutierrez, Sabrina"]
[Result "1/2-1/2"]
[WhiteElo "2355"]
[BlackElo "2413"]
[Annotator "TA"]
[PlyCount "113"]
[EventDate "2017.??.??"]
[EventType "swiss"]
[EventCountry "LAT"]
[SourceTitle "playchess.com"]
[Source "ChessBase"]
[SourceQuality "1"]

1. e4 c5 2. Nf3 Nc6 3. d4 cxd4 4. Nxd4 e6 5. Nc3 Qc7 6. Be3 a6 7. a3 Nf6 8. f4 Nxd4 9. Qxd4 Ng4 10. Qb6 Bd6 11. Qxc7 Bxc7 12. Bd2 Bb6 13. Bd3 Nf2 14. Rf1 Nxd3+ 15. cxd3 d6 16. Ke2 Bd7 17. Be3 Bxe3 18. Kxe3 h5 19. Rac1 Ke7 20. Ne2 Rac8 21. Rc3 Rxc3 22. Nxc3 Rc8 23. g3 g6 24. Rc1 f5 25. Ne2 Rxc1 26. Nxc1 e5 27. Nb3 fxe4 28. dxe4 Bb5 29. Nd2 Ke6 30. Nf3 Bc6 31. h3 Kf6 32. g4 Bd7 33. g5+ Ke6 34. h4 Bb5 35. fxe5 dxe5 36. Kd2 Bc6 37. Kd3 Kd6 38. Nd2 b5 39. b4 Bd7 40. Nb3 Bc8 41. Kc3 Kc6 42. Nc5 Kd6 43. Kb3 Kc6 44. Nd3 Be6+ 45. Kb2 Kd6 46. Nc5 Bc8 47. Kc3 Kc6 48. Kb3 Kd6 49. a4 Kc6 50. a5 Kd6 51. Kc3 Kc6 52. Kd3 Kd6 53. Ke3 Ke7 54. Nd3 Kd6 55. Nc5 Ke7 56. Nd3 Kd6 57. Nc5 1/2-1/2

[Event "EIWCC 2017"]
[Site "Riga"]
[Date "2017.04.20"]
[Round "9"]
[White "Brunello, Marina"]
[Black "Melia, Salome"]
[Result "1-0"]
[WhiteElo "2354"]
[BlackElo "2400"]
[Annotator "ChessBase"]
[PlyCount "87"]
[EventDate "2017.??.??"]
[EventType "swiss"]
[EventCountry "LAT"]
[SourceTitle "playchess.com"]
[Source "ChessBase"]
[SourceQuality "1"]

1. e4 c5 2. Nf3 Nc6 3. d4 cxd4 4. Nxd4 Nf6 5. Nc3 d6 6. Bg5 Qb6 7. Nb3 e6 8. Bxf6 gxf6 9. Qd2 Bd7 10. O-O-O O-O-O 11. f4 Rg8 12. Bd3 Kb8 13. Rhf1 Nb4 14. g3 Nxd3+ 15. Qxd3 h5 16. f5 Be7 17. Kb1 a6 18. Qe2 Rg5 19. Rf4 Rh8 20. Nd2 Rc8 21. Qd3 Qc5 22. Nf3 Rgg8 23. Rh4 Rh8 24. Nd4 Qe5 25. Qe2 b5 26. Nd5 exf5 27. Nb6 Be6 28. Nxe6 Qxe6 29. Nxc8 Rxc8 30. Qd3 Rc5 31. exf5 Rxf5 32. a4 Qd7 33. Rd4 Re5 34. Rd5 Qb7 35. axb5 axb5 36. Qb3 b4 37. Rxe5 fxe5 38. Qxf7 e4 39. Qd5 Qb6 40. Qxe4 Bf6 41. Qe8+ Bd8 42. Qxh5 b3 43. cxb3 Qxb3 44. Qd5 1-0

[Event "EIWCC 2017"]
[Site "Riga"]
[Date "2017.04.20"]
[Round "9"]
[White "Mammadzada, Gunay"]
[Black "Mammadova, Narmin"]
[Result "1-0"]
[WhiteElo "2348"]
[BlackElo "2240"]
[Annotator "NA"]
[PlyCount "113"]
[EventDate "2017.??.??"]
[EventType "swiss"]
[EventCountry "LAT"]
[SourceTitle "playchess.com"]
[Source "ChessBase"]
[SourceQuality "1"]

1. e4 e6 2. d4 d5 3. Nd2 h6 4. Ngf3 Nf6 5. e5 Nfd7 6. c4 dxc4 7. Bxc4 Nb6 8. Bb3 Bd7 9. O-O Bc6 10. Bc2 Bd5 11. Ne4 Nc6 12. b3 Be7 13. Be3 Qd7 14. Qe2 O-O-O 15. a3 f5 16. exf6 gxf6 17. Rfd1 Rdg8 18. b4 f5 19. Ng3 h5 20. b5 Nd8 21. Ne5 Qe8 22. f3 Bg5 23. Nf1 Rg7 24. Bxg5 Rxg5 25. Rd2 Rhg8 26. Qd3 Nf7 27. Bb3 Nxe5 28. dxe5 Bxb3 29. Qxb3 Nd5 30. a4 h4 31. Qb2 Qg6 32. b6 Nxb6 33. Rb1 a5 34. Ne3 h3 35. Qc2 Kb8 36. f4 Rh5 37. g3 Rh7 38. Nc4 Nxc4 39. Qxc4 Qe8 40. Qa6 c6 41. Qxa5 Rd7 42. Qb6 Qc8 43. Rd6 Rgd8 44. Qc5 Rxd6 45. exd6 Qd7 46. Rd1 Qg7 47. Rd4 Rd7 48. a5 Qg4 49. Kf2 Qg7 50. Ke3 Qf8 51. a6 bxa6 52. Qxc6 Rb7 53. d7 Rb3+ 54. Ke2 Rb2+ 55. Kd1 Qd8 56. Rc4 Qa5 57. Qc8+ 1-0

[Event "EIWCC 2017"]
[Site "Riga"]
[Date "2017.04.20"]
[Round "9"]
[White "Warakomska, Anna"]
[Black "Kantane, Anna"]
[Result "1/2-1/2"]
[WhiteElo "2343"]
[BlackElo "2230"]
[Annotator "NA"]
[PlyCount "55"]
[EventDate "2017.??.??"]
[EventType "swiss"]
[EventCountry "LAT"]
[SourceTitle "playchess.com"]
[Source "ChessBase"]
[SourceQuality "1"]

1. e4 c5 2. Nf3 Nf6 3. Nc3 Nc6 4. d4 d5 5. exd5 Nxd5 6. dxc5 Nxc3 7. Qxd8+ Kxd8 8. bxc3 f6 9. Nd4 e5 10. Nxc6+ bxc6 11. Be3 Be6 12. Ba6 Rb8 13. Kd2 Be7 14. Rhb1 Kc7 15. Rb4 Bc8 16. Bc4 Bf5 17. Rab1 Rhd8+ 18. Kc1 g5 19. Ba6 Rxb4 20. cxb4 g4 21. a4 Be4 22. g3 f5 23. Bc4 Kb7 24. Rb3 Rf8 25. Bh6 Rd8 26. Be3 Rf8 27. Bh6 Rd8 28. Be3 1/2-1/2

[Event "EIWCC 2017"]
[Site "Riga"]
[Date "2017.04.20"]
[Round "9"]
[White "Antova, Gabriela"]
[Black "Gueci, Tea"]
[Result "1-0"]
[WhiteElo "2335"]
[BlackElo "2132"]
[Annotator "NA"]
[PlyCount "85"]
[EventDate "2017.??.??"]
[EventType "swiss"]
[EventCountry "LAT"]
[SourceTitle "playchess.com"]
[Source "ChessBase"]
[SourceQuality "1"]

1. d4 d5 2. Nf3 Nf6 3. c4 c6 4. Nc3 e6 5. e3 Nbd7 6. Bd3 dxc4 7. Bxc4 b5 8. Bd3 Bb7 9. O-O a6 10. e4 c5 11. d5 c4 12. Bc2 Qc7 13. dxe6 fxe6 14. Qe2 e5 15. Ng5 Nc5 16. Be3 h6 17. Bxc5 Qxc5 18. Ne6 Qd6 19. Nd5 Kf7 20. Nxf6 gxf6 21. Nxf8 Raxf8 22. Qh5+ Ke7 23. Rfd1 Qc7 24. b3 Rfg8 25. bxc4 Bc8 26. Qf3 bxc4 27. Rac1 Rd8 28. Rxd8 Rxd8 29. Qg3 Be6 30. Qg7+ Bf7 31. Bd1 Rg8 32. Qh7 Qb7 33. Bh5 Rf8 34. h3 Qc6 35. Rc3 Ke8 36. Bf3 Qa4 37. Qxh6 Qxa2 38. Rc1 Ke7 39. Rd1 Rb8 40. Qe3 Rb1 41. Qc5+ Ke8 42. Qc8+ Ke7 43. Qd8+ 1-0

[Event "EIWCC 2017"]
[Site "Riga"]
[Date "2017.04.20"]
[Round "9"]
[White "Worek, Joanna"]
[Black "Arda, Cagil Irmak"]
[Result "1/2-1/2"]
[WhiteElo "2330"]
[BlackElo "2089"]
[Annotator "NA"]
[PlyCount "112"]
[EventDate "2017.??.??"]
[EventType "swiss"]
[EventCountry "LAT"]
[SourceTitle "playchess.com"]
[Source "ChessBase"]
[SourceQuality "1"]

1. e4 c5 2. Nf3 Nc6 3. d4 cxd4 4. Nxd4 Nf6 5. Nc3 d6 6. Bg5 e6 7. Qd2 Qb6 8. Bxf6 gxf6 9. Nb3 a6 10. O-O-O Bd7 11. f4 h5 12. Kb1 O-O-O 13. Be2 Be8 14. Rhf1 Kb8 15. h4 Rc8 16. Qd3 Be7 17. Bf3 Na5 18. Nxa5 Qxa5 19. Rc1 Rc7 20. Ne2 Bd7 21. c4 Rhc8 22. Rc3 b5 23. Ra3 bxc4 24. Qd4 Qb5 25. Nc3 Qb7 26. Ra5 Rc5 27. Rxc5 Rxc5 28. f5 exf5 29. Bxh5 Be6 30. Bf3 fxe4 31. Bxe4 d5 32. Bc2 Rc8 33. Rd1 Ba3 34. Na4 c3 35. Qb6 Qxb6 36. Nxb6 Rc6 37. Nxd5 cxb2 38. Ne3 f5 39. Rd3 f4 40. Rxa3 fxe3 41. Rxe3 Bxa2+ 42. Kxb2 Be6 43. Re5 Rc4 44. Re4 Rxe4 45. Bxe4 Bg4 46. Bf3 Bf5 47. g4 Bh7 48. Be2 a5 49. Kc3 Kc7 50. h5 Kd6 51. Bc4 f6 52. Kb3 Ke5 53. Ka4 Kf4 54. Be6 f5 55. gxf5 Bxf5 56. h6 Bh7 1/2-1/2

[Event "EIWCC 2017"]
[Site "Riga"]
[Date "2017.04.20"]
[Round "9"]
[White "Mamedjarova, Zeinab"]
[Black "Gaponenko, Inna"]
[Result "0-1"]
[WhiteElo "2322"]
[BlackElo "2416"]
[Annotator "TA"]
[PlyCount "68"]
[EventDate "2017.??.??"]
[EventType "swiss"]
[EventCountry "LAT"]
[SourceTitle "playchess.com"]
[Source "ChessBase"]
[SourceQuality "1"]

1. d4 Nf6 2. Nf3 c5 3. e3 g6 4. Be2 Bg7 5. O-O O-O 6. c4 cxd4 7. Nxd4 d5 8. cxd5 Nxd5 9. Bf3 Nc6 10. Nxc6 bxc6 11. Qa4 Qc7 12. Na3 Rb8 13. Rd1 Be6 14. e4 Rb4 15. Qc2 Nb6 16. Qd2 c5 17. Qe2 Na4 18. Rd2 Rfb8 19. Rb1 Qa5 20. e5 Qc7 21. g3 Bxe5 22. Bd5 Bf5 23. Nc4 Rxc4 24. Qxc4 Nb6 25. Bxf7+ Kg7 26. Qh4 Bf6 27. Rd7 Qxd7 28. Qh6+ Kxf7 29. Qxh7+ Ke6 30. Bf4 Bxb1 31. Bxb8 Qd1+ 32. Kg2 Be4+ 33. Kh3 Qf1+ 34. Kg4 Qxf2 0-1

[Event "EIWCC 2017"]
[Site "Riga"]
[Date "2017.04.20"]
[Round "9"]
[White "Cosma, Elena-Luminita"]
[Black "Zherebtsova, Alexandra"]
[Result "1-0"]
[WhiteElo "2316"]
[BlackElo "2222"]
[Annotator "ChessBase"]
[PlyCount "77"]
[EventDate "2017.??.??"]
[EventType "swiss"]
[EventCountry "LAT"]
[SourceTitle "playchess.com"]
[Source "ChessBase"]
[SourceQuality "1"]

1. d4 d5 2. Nf3 Nf6 3. c4 c6 4. e3 g6 5. Nc3 Bg7 6. Be2 O-O 7. O-O Bg4 8. cxd5 cxd5 9. Qb3 Bc8 10. Bd2 Nc6 11. Rfc1 h6 12. Be1 Qd6 13. h3 Rb8 14. a4 Be6 15. a5 Rfc8 16. Qa4 Bd7 17. Nb5 Qe6 18. Qd1 Ne4 19. Nc3 Nf6 20. Na4 b6 21. Ba6 Rd8 22. b4 Qd6 23. axb6 axb6 24. b5 Nb4 25. Qb3 Nxa6 26. bxa6 Bxa4 27. Rxa4 Nd7 28. a7 Ra8 29. Qb5 e5 30. Rc6 Qe7 31. Bb4 Qe8 32. Rc7 exd4 33. exd4 Qe6 34. Ra6 Qf5 35. Be7 Re8 36. Rxd7 Qf4 37. Bd6 Qc1+ 38. Kh2 Bxd4 39. Qxd5 1-0

[Event "EIWCC 2017"]
[Site "Riga"]
[Date "2017.04.20"]
[Round "9"]
[White "Gvetadze, Sofio"]
[Black "Sazonova, Anastasia"]
[Result "1-0"]
[WhiteElo "2292"]
[BlackElo "2143"]
[Annotator "NA"]
[PlyCount "97"]
[EventDate "2017.??.??"]
[EventType "swiss"]
[EventCountry "LAT"]
[SourceTitle "playchess.com"]
[Source "ChessBase"]
[SourceQuality "1"]

1. e4 e6 2. d3 d5 3. Nd2 Nf6 4. Ngf3 b6 5. c3 Bb7 6. e5 Nfd7 7. d4 c5 8. Bd3 Nc6 9. O-O Qc7 10. a3 h6 11. b4 c4 12. Be2 O-O-O 13. a4 g5 14. a5 b5 15. a6 Ba8 16. g3 f6 17. exf6 Nxf6 18. Re1 Bd6 19. Bf1 Rde8 20. Qc2 Rhf8 21. Bg2 Qf7 22. Ne5 Qc7 23. Nxc6 Bxc6 24. Nf3 Ne4 25. Be3 Kb8 26. Ra3 Nf6 27. Ne5 Bxe5 28. dxe5 Nd7 29. Bd4 Rg8 30. Qh7 Rh8 31. Qg6 Nf8 32. Qh5 Qg7 33. Ra2 Nd7 34. Rae2 Rhg8 35. Re3 Ref8 36. Rf3 Rxf3 37. Qxf3 g4 38. Qe3 Nf8 39. Bc5 Ng6 40. h3 h5 41. Qg5 h4 42. Qxg4 Qf7 43. Qd4 Ka8 44. Kh2 Qg7 45. Qg4 Qf7 46. Qg5 Bd7 47. Qf6 Qh7 48. Rd1 Rh8 49. Rxd5 1-0

[Event "EIWCC 2017"]
[Site "Riga"]
[Date "2017.04.20"]
[Round "9"]
[White "Doluhanova, Evgeniya"]
[Black "Mkrtchian, Lilit"]
[Result "0-1"]
[WhiteElo "2287"]
[BlackElo "2425"]
[Annotator "TA"]
[PlyCount "148"]
[EventDate "2017.??.??"]
[EventType "swiss"]
[EventCountry "LAT"]
[SourceTitle "playchess.com"]
[Source "ChessBase"]
[SourceQuality "1"]

1. e4 Nf6 2. e5 Nd5 3. d4 d6 4. Nf3 Nc6 5. Be2 dxe5 6. Nxe5 Nxe5 7. dxe5 Bf5 8. Bd2 e6 9. O-O Be7 10. a3 O-O 11. c4 Nb6 12. Be3 Nd7 13. f4 Bc5 14. Qc1 Qe7 15. Nc3 a5 16. Kh1 Bg6 17. Bf3 Bxe3 18. Qxe3 Nc5 19. Rad1 a4 20. h3 Rfd8 21. Rxd8+ Rxd8 22. Rd1 b6 23. Rd4 Bc2 24. Kh2 h6 25. Bc6 g5 26. fxg5 Rxd4 27. Qxd4 Qxg5 28. h4 Qf5 29. g4 Qg6 30. Kg3 Kg7 31. Qd8 Bb3 32. h5 Qd3+ 33. Qxd3 Nxd3 34. Bxa4 Bxc4 35. b3 Ba6 36. Bb5 Bxb5 37. Nxb5 c5 38. Nd6 Nxe5 39. a4 Nd7 40. Kf4 Kf6 41. Ke4 Ke7 42. Nc8+ Ke8 43. Nd6+ Kf8 44. Nc8 f6 45. Kf4 Ke8 46. Nd6+ Ke7 47. Nc4 Kd8 48. Nd6 Ne5 49. Ne4 Ke7 50. Nd2 Nd3+ 51. Ke3 Nb4 52. Ne4 f5 53. Nf2 Kf6 54. gxf5 exf5 55. Kf4 Nd5+ 56. Kf3 Ke5 57. Nd3+ Kd4 58. Ke2 Kc3 59. a5 bxa5 60. Nxc5 Nf4+ 61. Ke3 Nxh5 62. Kf3 Kb4 63. Nb7 Ng7 64. Kf4 Kb5 65. Nd8 Kc5 66. Kf3 h5 67. Kg3 Kb5 68. Nb7 Kb4 69. Kf3 h4 70. Kf4 Ne6+ 71. Kf3 Nd4+ 72. Kg2 f4 73. Kh2 f3 74. Kh3 Nxb3 0-1

[Event "EIWCC 2017"]
[Site "Riga"]
[Date "2017.04.20"]
[Round "9"]
[White "Travkina, Anastasia"]
[Black "Olde, Margareth"]
[Result "1-0"]
[WhiteElo "2287"]
[BlackElo "2110"]
[Annotator "NA"]
[PlyCount "95"]
[EventDate "2017.??.??"]
[EventType "swiss"]
[EventCountry "LAT"]
[SourceTitle "playchess.com"]
[Source "ChessBase"]
[SourceQuality "1"]

1. e4 c5 2. Nf3 e6 3. d4 cxd4 4. Nxd4 Nc6 5. Nc3 Qc7 6. Be3 a6 7. Qd2 Nf6 8. f4 Bb4 9. Bd3 Na5 10. a3 Bxc3 11. Qxc3 Qxc3+ 12. bxc3 d5 13. exd5 Nxd5 14. Bd2 Nb6 15. Rb1 Nbc4 16. Rb4 Nxd2 17. Kxd2 Bd7 18. Be4 Ra7 19. Rhb1 b5 20. a4 Ke7 21. axb5 axb5 22. Nxb5 Bxb5 23. Rxb5 Nc4+ 24. Kd3 Nd6 25. Rb8 Rxb8 26. Rxb8 Nxe4 27. Kxe4 Rc7 28. Rb3 Rc4+ 29. Ke3 Kd6 30. g3 Kc6 31. Kd3 Ra4 32. Rb8 Ra7 33. c4 Ra3+ 34. Kd4 Ra2 35. Rf8 Ra7 36. Rc8+ Kd6 37. c5+ Ke7 38. Kc4 Ra2 39. Rc7+ Ke8 40. Kb3 Ra1 41. c6 Rd1 42. Rc8+ Rd8 43. Rxd8+ Kxd8 44. Kc4 Kc7 45. Kc5 f6 46. g4 h6 47. h4 g6 48. h5 1-0

[Event "EIWCC 2017"]
[Site "Riga"]
[Date "2017.04.20"]
[Round "9"]
[White "Ambartsumova, Karina"]
[Black "Charochkina, Daria"]
[Result "1-0"]
[WhiteElo "2282"]
[BlackElo "2381"]
[Annotator "NA"]
[PlyCount "89"]
[EventDate "2017.??.??"]
[EventType "swiss"]
[EventCountry "LAT"]
[SourceTitle "playchess.com"]
[Source "ChessBase"]
[SourceQuality "1"]

1. d4 Nf6 2. c4 c6 3. Nf3 e6 4. e3 d5 5. b3 Ne4 6. Bb2 Bb4+ 7. Nbd2 Qf6 8. Qe2 c5 9. a3 Ba5 10. Rc1 Nc6 11. Ba1 Nxd2 12. Nxd2 cxd4 13. b4 Bb6 14. c5 Bc7 15. b5 Ne7 16. exd4 Ba5 17. Qd3 Ng6 18. Bc3 Bc7 19. g3 e5 20. dxe5 Bxe5 21. Bxe5 Nxe5 22. Qd4 Bf5 23. Rc3 O-O 24. Be2 Ng4 25. Qxf6 Nxf6 26. Nb3 Ne4 27. Rc1 Rfe8 28. Nd4 Bh3 29. f3 Nf6 30. Kf2 h5 31. c6 bxc6 32. bxc6 g5 33. c7 g4 34. Bb5 Rf8 35. Bc6 Rac8 36. Bb7 gxf3 37. Bxc8 Rxc8 38. Kxf3 Ne4 39. Nb5 Nd2+ 40. Ke3 Nc4+ 41. Rxc4 dxc4 42. Rd1 Re8+ 43. Kf4 Re2 44. g4 Bxg4 45. Rg1 1-0

[Event "EIWCC 2017"]
[Site "Riga"]
[Date "2017.04.20"]
[Round "9"]
[White "Fuchs, Judith"]
[Black "Semenova, Elena"]
[Result "1-0"]
[WhiteElo "2274"]
[BlackElo "2212"]
[Annotator "NA"]
[PlyCount "137"]
[EventDate "2017.??.??"]
[EventType "swiss"]
[EventCountry "LAT"]
[SourceTitle "playchess.com"]
[Source "ChessBase"]
[SourceQuality "1"]

1. e4 c5 2. Nc3 Nc6 3. Bb5 d6 4. Bxc6+ bxc6 5. d3 g6 6. f4 Bg7 7. Nf3 Nh6 8. O-O O-O 9. Qe1 f6 10. Qh4 Nf7 11. g4 f5 12. gxf5 gxf5 13. Kh1 Kh8 14. Bd2 c4 15. Ng5 Nxg5 16. fxg5 Qe8 17. dxc4 Be6 18. b3 Qg6 19. Rae1 Kg8 20. Ne2 Be5 21. Nf4 Bxf4 22. Rxf4 Rae8 23. Bc3 Bd7 24. e5 c5 25. Qh6 Qxh6 26. gxh6 Kf7 27. exd6 Rg8 28. Bg7 exd6 29. Rff1 Bc6+ 30. Kg1 Be4 31. Re2 Re6 32. Kf2 f4 33. Ke1 f3 34. Kd2 Rge8 35. Re3 Rg6 36. Rf2 Rg2 37. Ke1 Rxf2 38. Kxf2 Kg6 39. Bf8 Kf5 40. Bg7 Re6 41. Re1 Rg6 42. Rg1 Rxg1 43. Kxg1 Bxc2 44. Kf2 Bb1 45. a3 a5 46. Kxf3 Ba2 47. Ke3 a4 48. b4 cxb4 49. axb4 Bxc4 50. Kd4 d5 51. b5 Ke6 52. Kc5 a3 53. Kc6 Kf5 54. b6 Ba6 55. Kxd5 Bb7+ 56. Kd6 a2 57. Kc7 Bd5 58. b7 Bxb7 59. Kxb7 Kg5 60. Kc6 a1=Q 61. Bxa1 Kxh6 62. Kd5 Kg5 63. Ke4 Kg4 64. Be5 h5 65. Ke3 Kf5 66. Bc7 Kg4 67. Kf2 Kh3 68. Kf3 h4 69. Bg3 1-0

[Event "EIWCC 2017"]
[Site "Riga"]
[Date "2017.04.20"]
[Round "9"]
[White "Kazarian, Anna-Maja"]
[Black "Baptista, Ana Filipa"]
[Result "1/2-1/2"]
[WhiteElo "2257"]
[BlackElo "2071"]
[Annotator "NA"]
[PlyCount "57"]
[EventDate "2017.??.??"]
[EventType "swiss"]
[EventCountry "LAT"]
[SourceTitle "playchess.com"]
[Source "ChessBase"]
[SourceQuality "1"]

1. e4 d6 2. d4 Nf6 3. Nc3 c6 4. h3 Qa5 5. Bd3 e5 6. Nf3 Nbd7 7. O-O Be7 8. Be3 O-O 9. Qd2 Qc7 10. a4 b6 11. Qe2 Re8 12. dxe5 dxe5 13. Bc4 h6 14. Nh4 Nf8 15. f4 Be6 16. f5 Bxc4 17. Qxc4 Rac8 18. Ng6 Bd8 19. Nxf8 Rxf8 20. Rad1 Be7 21. Rd3 Rfd8 22. Rfd1 Qb7 23. Rxd8+ Rxd8 24. Rxd8+ Bxd8 25. b4 a6 26. b5 axb5 27. axb5 cxb5 28. Qxb5 Nxe4 29. Nd5 1/2-1/2